| 000 -LEADER |
| fixed length control field |
00909nam a22002057a 4500 |
| 005 - DATE AND TIME OF LATEST TRANSACTION |
| control field |
20191024165545.0 |
| 008 - FIXED-LENGTH DATA ELEMENTS--GENERAL INFORMATION |
| fixed length control field |
191024s2019 ||||| |||| 00| 0 rur d |
| 020 ## - INTERNATIONAL STANDARD BOOK NUMBER |
| International Standard Book Number |
9789941263071 |
| 041 ## - LANGUAGE CODE |
| Language code of text/sound track or separate title |
rur |
| 080 ## - UNIVERSAL DECIMAL CLASSIFICATION NUMBER |
| Universal Decimal Classification number |
1 Ф-43 |
| 100 ## - MAIN ENTRY--PERSONAL NAME |
| Personal name |
Ферри, Люк |
| 9 (RLIN) |
5003 |
| 245 ## - TITLE STATEMENT |
| Title |
Учиться жить : Философское эссе для молодого поколения / |
| Statement of responsibility, etc. |
Люк ферри ; Гл. ред : Лали Закарадзе ; Перев : В. Диасамидзе |
| 264 ## - PRODUCTION, PUBLICATION, DISTRIBUTION, MANUFACTURE, AND COPYRIGHT NOTICE |
| Place of production, publication, distribution, manufacture |
Тбилии : |
| Name of producer, publisher, distributor, manufacturer |
Универсал, |
| Date of production, publication, distribution, manufacture, or copyright notice |
2019. |
| 300 ## - PHYSICAL DESCRIPTION |
| Extent |
265 стр .; |
| Other physical details |
ил .: |
| Dimensions |
20 см. |
| 653 ## - INDEX TERM--UNCONTROLLED |
| keyword |
Учиться жить |
| 653 ## - INDEX TERM--UNCONTROLLED |
| keyword |
ვისწავლოთ ცხოვრება |
| 700 ## - ADDED ENTRY--PERSONAL NAME |
| Personal name |
Закарадзе, Лали |
| Relator term |
მთავარი რედაქტორი |
| 9 (RLIN) |
5004 |
| 700 ## - ADDED ENTRY--PERSONAL NAME |
| Personal name |
Диасамидзе, В. |
| Relator term |
მთარგმნელი |
| 9 (RLIN) |
5005 |
| 942 ## - ADDED ENTRY ELEMENTS (KOHA) |
| Source of classification or shelving scheme |
|
| Koha item type |
წიგნი |